UEFA Members - Statistics

General Stats
  • This quiz has been taken 1,693 times
    1,067 since last reset
  • The average score is 49 of 55
Answer Stats
% Correct
France
97%
Portugal
97%
Russia
96%
Spain
96%
Belgium
95%
Finland
95%
Sweden
95%
Austria
94%
England
94%
Germany
94%
Norway
94%
Republic of Ireland
94%
Andorra
93%
Croatia
93%
Denmark
93%
Greece
93%
Poland
93%
Slovakia
93%
Slovenia
93%
Albania
92%
Estonia
92%
Italy
92%
Romania
92%
Switzerland
92%
Turkey
92%
Ukraine
92%
Wales
92%
Bulgaria
91%
Czech Republic
91%
Hungary
91%
Iceland
91%
Latvia
91%
Netherlands
91%
San Marino
91%
Scotland
91%
Serbia
91%
Bosnia and Herzegovina
90%
Lithuania
89%
Belarus
88%
Armenia
86%
Kosovo
86%
Luxembourg
86%
Montenegro
86%
Northern Ireland
86%
North Macedonia
86%
Malta
85%
Cyprus
84%
Moldova
84%
Georgia
83%
Azerbaijan
82%
Liechtenstein
80%
Israel
78%
Gibraltar
73%
Kazakhstan
70%
Faroe Islands
69%
No matching quizzes found
Score Distribution
Percent of People with Each Score
Percentile by Number Answered
Your Score History
You have not taken this quiz since the last reset